000 00484nam a22001337a 4500
008 150603b xxu||||| |||| 00| 0 eng d
020 _a9781629289199
050 _aPE 1408.ELA6
_bC734.IPG 2015
110 _aCommon Core
245 _aCommon core suite : implementation and pacing guide : english language arts : grade 6
260 _aNewYork
_bTriumph Learning
_c2015
300 _a33 page.,
_bcol.,ill.,
942 _2lcc
_cBK
_hPE 1408.ELA6 C734.IPG 2015
999 _c284592
_d284592